| 000 | 00625nam a2200193 a 4500 | ||
|---|---|---|---|
| 005 | 20140414093839.0 | ||
| 008 | 040310s19uu xx 00 eng d | ||
| 050 |
_aVHS 370 _bOR 13 |
||
| 245 | _aImplementing a reading program in secondary schools. | ||
| 260 |
_aAlexandria, Va : _bAssociation for Supervision and Curriculum Development, _cc2002. |
||
| 300 | _a30 min. | ||
| 500 | _aFacilitator's guide. | ||
| 520 | _aLibrary has: | ||
| 650 |
_aCurriculum planning (Reading) _xUnited States. |
||
| 650 |
_aReading _xStudy and teaching (Secondary) _xUnited States. |
||
| 700 | _aASCD | ||
| 942 | _cAVM | ||
| 999 |
_c109171 _d109171 |
||